000 00847nam a2200229Ia 4500
001 1446
003 GE_BSU
008 181216s||||||||xx |||||||||||||| ||und||
040 _cGE_BSU
080 _a632.9
245 _aБиологическая защита плодовых культур в Грузии
245 _bАкад.сельхоз наук им. В.И.Ленина. Закавказское региональное отделение(Серия защита растении)
245 _cОтв. ред.Яснош В.А. Мжаванадзе
260 _aТбилиси
260 _c1986
300 _a159стр.
541 _h5л.
653 _aБиологическая защита плодовых культур в Грузии
653 _aБиология
653 _aბიოლოგია
942 _cBK
999 _c35583
_d35583